Programming in C# (Record no. 636)
[ view plain ]
| 000 -LEADER | |
|---|---|
| Fixed length control field | 00465nam a2200169 4500 |
| 003 - CONTROL NUMBER IDENTIFIER | |
| Control field | SEACOMMC |
| 005 - DATE AND TIME OF LATEST TRANSACTION | |
| Control field | 20250421153554.0 |
| 008 - FIXED-LENGTH DATA ELEMENTS--GENERAL INFORMATION | |
| Fixed length control field | 241007b |||||||| |||| 00| 0 eng d |
| 020 ## - INTERNATIONAL STANDARD BOOK NUMBER / ISBN | |
| International Standard Book Number | 978-00-7047-339-3 |
| Price | Rs.199.00 |
| 040 ## - CATALOGING SOURCE | |
| Original cataloging agency | SEACOMMC |
| 082 ## - DEWEY DECIMAL CLASSIFICATION NUMBER | |
| Classification number | 005.133 C# |
| Book Number | B 171 |
| 100 ## - MAIN ENTRY--PERSONAL NAME | |
| Personal name | Balagurusamy, E |
| 245 1# - TITLE STATEMENT | |
| Title | Programming in C# |
| Statement of responsibility | E. Balagurusamy |
| 260 ## - IMPRINT | |
| Place of publication | New Delhi |
| Name of publisher | Tata McGraw-Hill |
| Date of publication | 2002 |
| 650 ## - SUBJECT ADDED ENTRY--TOPICAL TERM | |
| Topical term | C (Computer program language) |
| 942 ## - ADDED ENTRY ELEMENTS (KOHA) | |
| Koha item type | Books |
| Withdrawn status | Lost status | Source of classification | Damaged status | Not for loan | Home library | Current library | Date acquired | Total Checkouts | Call number | Accession number | Date last seen | Price effective from | Koha item type | Copy number |
|---|---|---|---|---|---|---|---|---|---|---|---|---|---|---|
| Dewey Decimal Classification | SEACOM MANAGEMENT COLLEGE | SEACOM MANAGEMENT COLLEGE | 11/10/2007 | 005.133 C# B 171 | M-435 | 07/10/2024 | 07/10/2024 | Books | ||||||
| Dewey Decimal Classification | SEACOM MANAGEMENT COLLEGE | SEACOM MANAGEMENT COLLEGE | 11/10/2007 | 005.133 C# B 171 | M-436 | 07/10/2024 | 07/10/2024 | Books | 1 | |||||
| Dewey Decimal Classification | SEACOM MANAGEMENT COLLEGE | SEACOM MANAGEMENT COLLEGE | 11/10/2007 | 005.133 C# B 171 | M-437 | 07/10/2024 | 07/10/2024 | Books | 2 | |||||
| Dewey Decimal Classification | SEACOM MANAGEMENT COLLEGE | SEACOM MANAGEMENT COLLEGE | 11/10/2007 | 005.133 C# B 171 | M-438 | 07/10/2024 | 07/10/2024 | Books | 3 | |||||
| Dewey Decimal Classification | SEACOM MANAGEMENT COLLEGE | SEACOM MANAGEMENT COLLEGE | 11/10/2007 | 005.133 C# B 171 | M-439 | 07/10/2024 | 07/10/2024 | Books | 4 | |||||
| Dewey Decimal Classification | SEACOM MANAGEMENT COLLEGE | SEACOM MANAGEMENT COLLEGE | 11/10/2007 | 005.133 C# B 171 | M-440 | 07/10/2024 | 07/10/2024 | Books | 5 | |||||
| Dewey Decimal Classification | SEACOM MANAGEMENT COLLEGE | SEACOM MANAGEMENT COLLEGE | 11/10/2007 | 005.133 C# B 171 | M-441 | 07/10/2024 | 07/10/2024 | Books | 6 |
